Sermones morales (Record no. 8437)

MARC details
000 -CABECERA
campo de control de longitud fija 01905nam a2200289 a 4500
001 - NÚMERO DE CONTROL
campo de control BRCA_8786
005 - FECHA Y HORA DE LA ÚLTIMA TRANSACCIÓN
campo de control 20190320210418.0
008 - DATOS DE LONGITUD FIJA--INFORMACIÓN GENERAL
campo de control de longitud fija 170417s1774----sp-#######---#000-0#spa-#
041 ## - CÓDIGO DE LENGUA
Código de lengua del texto/banda sonora o título independiente spa
044 ## - CÓDIGO DEL PAÍS DE LA ENTIDAD EDITORA/PRODUCTORA
Código MARC del país sp
084 ## - OTRO NÚMERO DE CLASIFICACIÓN
Número de clasificación BE165
Número de documento/Ítem .F54 1774
100 1# - ENTRADA PRINCIPAL--NOMBRE DE PERSONA
Nombre de persona Flecher, Espiritu
9 (RLIN) 21901
245 10 - MENCIÓN DE TÍTULO
Título Sermones morales
Mención de responsabilidad, etc. predicados delante del rey por el Ilmo. Señor Espiritu Flecher, Obispo de Nimes, con sus discursos sinodales, y otros sermones predicados en la Apertura de los Estados de Lenguadoc, y en su cCatedrla; traducidos del francés al español por Don Juan Arribas y Soria...
260 ## - PUBLICACIÓN, DISTRIBUCIÓN, ETC.
Lugar de publicación, distribución, etc. Madrid
Nombre del editor, distribuidor, etc. En la oficina de la Viuda de Manuel Fernández
Fecha de publicación, distribución, etc. 1774
300 ## - DESCRIPCIÓN FÍSICA
Extensión [2], 312 p. (t.5)
Dimensiones 20.5 x 14.5 cm.
500 ## - NOTA GENERAL
Nota general Con privilegio para seis tomos
500 ## - NOTA GENERAL
Nota general Se hallará en la Librería de Manuel de Godos, en las Gradas de San Phelipe el Real
500 ## - NOTA GENERAL
Nota general Estado físico: presenta encuadernación en pergamino
500 ## - NOTA GENERAL
Nota general Con marca de fuego: “Procedencia de la marca: Colegio Jesuita de San Francisco Xavier de la Ciudad de Querétaro (1). Institución: Provincia Mexicana de la Compañía de Jesús. Descripción: Iniciales S. Xr. Q. que se desata como S[an] X[avie]r [de] Q[uerétaro.]. Observaciones: A falta de un testimonio de pertenencia se hace la atribución de la marca en función a la realizada por David Saavedra Vega. Se espera localizar otro ejemplar que corrobore esta atribución. Ubicación de la marca en el libro: Canto superior”
505 0# - NOTA DE CONTENIDO CON FORMATO
Nota de contenido con formato Contiene: Primero de los morales
650 14 - PUNTO DE ACCESO ADICIONAL DE MATERIA--TÉRMINO DE MATERIA
Término de materia o nombre geográfico como elemento de entrada Sermones
Subdivisión cronológica Obras anteriores a 1800
9 (RLIN) 21369
700 1# - PUNTO DE ACCESO ADICIONAL--NOMBRE DE PERSONA
Nombre de persona Arribas y Soria, Juan de
Término indicativo de función/relación tr.
9 (RLIN) 21902
700 1# - PUNTO DE ACCESO ADICIONAL--NOMBRE DE PERSONA
Nombre de persona Fernández, Manuel
Término indicativo de función/relación Impresor
9 (RLIN) 21903
856 ## - LOCALIZACIÓN Y ACCESO ELECTRÓNICOS
Nombre del host http://www.marcasdefuego.buap.mx:8180/xmLibris/projects/firebrand/item.jsp?repository=marcas_de_fuego&key=marcas_de_fuego_marcas_de_fuego_20151006120916_4064.xml&num=5
902 ## - CATALOGADOR
Iniciales CFM
942 ## - ELEMENTOS DE PUNTO DE ACCESO ADICIONAL (KOHA)
Fuente del sistema de clasificación o colocación Library of Congress Classification
Tipo de ítem Koha Libros
Holdings
Estado de retiro Estado de pérdida Estado dañado No para préstamo Localización permanente Ubicación/localización actual Fecha de adquisición Total de préstamos Signatura topográfica completa Código de barras Fecha visto por última vez Precio válido a partir de Tipo de ítem Koha
El ejemplar forma parte de la colección y puede ser consultado según las políticas vigentes.       Biblioteca del Museo Franz Mayer (Rogerio Casas-Alatriste) Biblioteca del Museo Franz Mayer (Rogerio Casas-Alatriste) 17/04/2017   BE165 .F54 1774 CFM00113 22/03/2019 22/03/2019 Libros